01372 a2200193 45000010006000000050017000060080041000230030015000640400040000790800109001192450039002282640045002673000019003125050784003310410008011151000018011237000018011417000019011594258520260407155714.0260407a1971 arg spa dAR-UNSa-BCEJYS aAR-UNSa-BCEJYSbspacAR-UNSa-BCEJYS a339.9xEconomía internacional en general. Relaciones económicas internacionales. Economía mundial 10aManual de economía internacional 1aBuenos Aires :bAmorrortu Editoresc1971 a465 p.c23 cm. a1. Introducción - 2. Prólogo - 3. Nota sobre las bibliografías de los capítulos - 4. Parte Primera: Teoría pura del comercio internacional : 1. El comercio y los precios relativos de los factores de producción - 2. Apéndice al capítulo 1 - 3. El comercio y la oferta relativa de los factores de producción - 4. Los términos del intercambio - 4. Teoría de las uniones aduaneras - Parte Segunda : Teoría monetaria internacional: 6. El mecanismo de ajuste de los pagos internacionales - 7. Tipos de cambio:¿Fijos o flexibles? - 8. Las elasticidades y la absorción en el análisis de la devaluación - 9. El desequilibrio persistente: escasez y saturación de dólares - 10. La suficiencia de las reservas internacionales - Bibliograía en castellano  aspa1 aPfister, R.L.1 aClement, M.O.1 aRothwell, K.J.